LEADER 01337nam a2200277 4500 001 000000333461 003 CaOOAMICUS 005 20190604181633.0 008 190508s2000 it 000 u ita r 020 $a978-88-7229-474-1 040 $aSeMil$bita 100 1 $aMoioli, Giovanni,$d<1931-1984>.$0(OLS)http://semarc/name/511 245 10$aFiumi di grazie :$bgli Scritti di Teresa di Gesł Bambino e del Volto Santo / $cGiovanni Moioli ; a cura delle Carmelitane Scalze - Monastero di Sassuolo (MO) 250 $a2. ed. rivista e corretta 264 1$aMorena ; Roma :$bEdizioni O.C.D.,$c2010. 300 $a109 p. ;$c19 cm. 490 1 $aIl lembo del mantello ;$v4 650 4$aTeresa : del Bambino Gesł - Spiritualitą.$0(OLS)http://semarc/subject/6123 830 3$aIl lembo del mantello ;$v4.$0(OLS)http://semarc/title/30611 850 $aSeMil 852 $aSeMil$W1$xVenegono$y1$m3H I 209$j213830$B225692$CSeMilBibl$Z2$F225692 $81 961 $aAntonelli don Mario - Omaggio 996 $6020$a978-88-7229-474-1$9(OLS)http://semarc/number/287215 996 $6245$aFiumi di grazie :$bgli Scritti di Teresa di Gesł Bambino e del Volto Santo / $9(OLS)http://semarc/title/423047 996 $6264$aMorena ; Roma :$bEdizioni O.C.D.$9(OLS)http://semarc/publisher/43380 LEADER 01253nam a2200265 i 4500 001 000000208259 003 CaOOAMICUS 005 20111115000000.0 008 111115s1989 xx u000 u und u 013 $a187042 020 $a88-15-02308-9 040 $aSeMil$bita 100 1 $aGherardi, Luciano <1919- >.$0(OLS)http://semarc/name/37977 245 13$aIl sole sugli argini :$btestimonianza evangelica di S.Clelia Barbieri, 1847-1870, e storia di famiglia delle Minime dell'Addolorata /$cdi Luciano Gherardi. 260 $aBologna :$bIl Mulino,$cstampa 1989. 300 $a274 p. ;$c22 cm. 490 0 $aSaggi e ricerche ;$v1 600 14$aBarbieri, Clelia .$0(OLS)http://semarc/subject/7961 830 0$aSaggi e ricerche ;$v1.$0(OLS)http://semarc/title/11063 850 $aSeMil 852 $aSeMil$W1$xVenegono$y1$m3A III 287$j158717$B158717$CSeMilBibl$Z2$F171588 $81 961 $aRecupero: Altro 996 $6020$a88-15-02308-9$9(OLS)http://semarc/number/202698 996 $6245$aIl sole sugli argini :$btestimonianza evangelica di S.Clelia Barbieri, 1847-1870, e storia di famiglia delle Minime dell'Addolorata$9(OLS)http://semarc/title/301159 996 $6260$aBologna :$bIl Mulino$9(OLS)http://semarc/publisher/29842